Krishi vikasanathinnum pariseelanangal (Record no. 61890)

MARC details
000 -LEADER
fixed length control field 00260nam a2200109Ia 4500
100 ## - MAIN ENTRY--AUTHOR NAME
Personal name John Alice
245 #0 - TITLE STATEMENT
Title Krishi vikasanathinnum pariseelanangal
260 ## - PUBLICATION, DISTRIBUTION, ETC. (IMPRINT)
Name of publisher Rubber
Year of publication 2010
300 ## - PHYSICAL DESCRIPTION
Number of Pages 15-17
942 ## - ADDED ENTRY ELEMENTS (KOHA)
Koha item type Journals
Holdings
Withdrawn status Lost status Damaged status Not for loan Home library Current library Date acquired Serial Enumeration / chronology Koha item type
      Journals RRII Library RRII Library 01/11/2010 Volume 534, Issue Sept Journals